000 00649nam a2200265Ia 4500
005 20260121170658.0
008 008 260114s9999 xx 000 0 eng d
020 _a9783658230951
037 _aEBOOK
040 _aCRL
040 _beng
040 _cCRL
041 _2eng
041 _aeng
084 _qCRL
100 _aPhilipp Melzer
_91066843
245 2 _aA Conceptual Framework for Personalised Learning
260 _bSpringer
260 _bSpringer
260 _c2019
856 _uhttps://link.springer.com/openurl?genre=book&isbn=978-3-658-23095-1
942 _cEBOOK
999 _c1632573
_d1632573